00848pam a2200241 a 4500001000500000005001700005020001800022040002300040050001300063082001100076100001900087245010800106250004500214260003500259300005300294490003600347505000800383520012300391521002300514521002000537650002100557700002800578438120260320080832.0 a9780590421447 aDLCcDLCdDLCbeng10aPZ7.V81600a813.541 aViorst, Judith10aAlexander and the terrible, horrible, no good, very bad day /cJudith Viorst ; illustrated by Ray Cruz. aFirst Scholastic printing , January 1989 aNew York :bScholastic ;c1972 a32 unnumbered pages : billustrations ;c18 cm. a Alexander by Judith Viorst (1) aU  aOn a day when everything goes wrong for him, Alexander is consoled by the thought that other people have bad days too. a840 bLexile AD  aU bRaz-Plus  1abad dayvfiction1 aCruz, Rayeillustrator